000 00983nas a2200313 4500
001 BR2013003940
003 BR-BrBNA
005 20231205122423.0
007 ta
008 230509b bl.|||p| |||| 00| 00por d
040 _aBR-BrBNA
_bpor
_cBiblioteca Nacional de Agricultura
041 _a(Pt)
072 _aL50
100 1 _aSilva, P.H.C.
100 1 _aSilva, R.M.
100 1 _aLima, E.M.M.
100 1 _a
100 1 _a
245 1 _aTopografia do cone medular em gatos sem raça definida
246 1 _aTopography of the medullar cone in the domestic non-defined breed cat
650 _aGATO
650 _aANATOMIA ANIMAL
650 _aMEDULA ESPINAL
650 _aTOPOGRAFIA
773 0 _tArquivo Brasileiro de Medicina Veterinária e Zootecnia (Brazil)
_xISSN 0102-0935
_g(Oct 2009), v. 61(5) p. 1062-1066
_wBR2013003940
856 4 0 _uhttp://www.scielo.br/pdf/abmvz/v61n5/a08v61n5.pdf
909 _a202311
_bLúcia
_c55
_dLúcia Elande
942 _2AGRIS
_n0
_cANA
999 _c228559
_d228559